00838nam a22002537a 450000500170000001000110001702000100002803500110003803700160004904000120006508200130007724501080009026000490019827000140024730000250026150000200028665000240030665000310033070000340036170000300039594200220042599900190044795201180046620170124110147.0 a493082 c00.00 a493082 bCen Lib/Ret aDPLbEN a150bEXP aExperimental foundation of general psychology /cedited by Willrad L. Valentine [and] Delos D. Wickens  aNew York bHolt, Rinehart and Winston c1960 bNew York  axxi, 472p.c19cm(Hb) aIncludes index  aPsychology 9101879 aExperimental works 933533 aValentine, Willrad L.933534 aWickens, Delos D. 933535 2ddccENh150mEXP c132038d132038 00104070aLbLd2015-07-16eCen Lib/Retg0.00l0o150 EXPp493082r2015-07-16 00:00:00t1v0.00w2015-07-16yEN